00343nam a2200121Ia 4500008004100000040001700041041001200058082001800070100002300088245006200111260003200173300001600205230917s9999||||xx |||||||||||||| ||und|| e137077aMAIN aEnglish a343.0924 S64W aSingh, Chhatrapati 0aWater rights and principles of water resources management aBombaybN.M. Tripathic1991 axv, 154p p.